Les mots de passe les plus utilisés en France - Statistiques

Statistiques générales
  • Ce quiz a été pris 170 fois
  • Le résultat moyen est 3 sur 10
Statistiques - réponses
Classement Mot de passe % Correct
1 123456
95%
3 azerty
55%
8 000000
53%
2 123456789
40%
6 azertyuiop
23%
10 password
21%
9 doudou
5%
7 loulou
5%
4 admin
4%
5 1234561
1%
Aucun quiz correspondant
Distribution des résultats
% des personnes avec chaque résultat
Percentile par nombre de réponses
Votre historique - résultats
Vous n’avez pas pris ce quiz